000 00816nam a2200229 i 4500
001 14855
003 ES-MaACL
005 20230906150920.0
007 t|
008 990622s1998 sp ||||1| spa d
020 _a84-923417-1-8
080 _a012 Giraldi, Giovanni Battista
100 1 _aRomera Pintor, Irene.
_999295
245 1 0 _aGiraldi Cinthio
_b: metodología y bibliografía /
_cIrene Romera Pintor.
260 _aMadrid :
_bAgrupación Ateneísta de Estudios sobre la Mujer Clara Campoamor,
_c[1998]
300 _a244 p. ;
_c20 cm.
600 1 4 _aGiraldi, Giovanni Battista-
_xBibliografías.
_957193
710 2 _aAgrupación Ateneísta de Estudios sobre la Mujer Clara Campoamor
_91276
710 2 _aAteneo de Madrid.
_91875
852 _aES-MaACL
_jL-22036
_bR.127380
999 _c14855
_d14855